01839cam a2200505 a 4500999001700000001001400017005001700031008004100048020001500089035001700104040002500121041001300146044001100159072008600170080001400256080001700270080002000287080001300307080001700320080002600337080001700363080001800380080001800398100004300416240003100459245020200490250001200692260003100704300008900735650004700824650003000871650003700901650004200938650003100980655005501011700003701066700004301103700003701146958000701183958000701190958000701197958000701204958000701211952011501218 c23189d23189vtls00145098520220421130836.0160324s2002 xo agl grn 00000 slo  a8088993458 aSNK000406280 aSNKbslocSNKeAACR21 asloheng axocSK 7a00xVeda. Všeobecnosti. Základy vedy a kultúry. Vedecká práca2konspekt a90221997 a001.9421997 a316.7+00821997 a9421997 a(0.062)2997 a2-236.5:556.16622001 a001.9422011 a902:90422011 a(0.062)220111 aKnight, Christopher,d1950-4aut9283910aUriel's machinelSlovensky10aUrielov strojbprehistorická technológia, ktorá prežila potopucChristopher Knight, Robert Lomas ; [z anglického originálu Uriel's machine preložili Ivona Kautmanová a Milan Thurzo] a1. vyd. aBratislavabRemediumc2002 a414 strán, [31] strán obrazových prílohbilustrácie, schémy, mapyc21 cm07aprehistorické civilizácie2SNKPH9284007apotopa sveta2SNKPH9284107anevysvetlené javy2SNKPH9284207aarcheologické nálezy2SNKPH9284307acivilizácie2SNKPH92844 7apopulárno-náučné publikácie2SNKPH914861 aLomas, Robert,d1947-4aut928371 aKautmanová, Ivona,d1961-4trl928451 aThurzo, Milan,d1942-4trl92846 aNB aOP aNS aGB aTL 00102udc40708Da10000b10000d2022-04-21i21536l2oS1509pS1509r2022-12-21s2022-11-18w2022-04-21yOLDO